Axolotl Quiz! - Statistics

General Stats
  • This quiz has been taken 43 times
    35 since last reset
  • The average score is 4 of 5
Answer Stats
Question Answer % Correct
Axolotls are classified as: Amphibians
100%
Axolotls are best known from the video game: Minecraft
96%
The axolotl's conservation status is: Critically Endangered
87%
Axolotls are able to regenerate their: All of the above
57%
The axolotl's habitat was mainly destroyed after the conquest of what empire? Aztec
52%
No matching quizzes found
Score Distribution
Percent of People with Each Score
Percentile by Number Answered
Your Score History
You have not taken this quiz since the last reset